Translated movie titles with spoilers - Statistics

General Stats
  • This quiz has been taken 12 times
  • The average score is 4 of 13
Answer Stats
Translated title Country Real title % Correct
He is a ghost China The sixth sense
82%
Fag cowboys Turkey Brokeback Mountain
73%
Imaginary dead baseball players are playing in my cornfield China Field of Dreams
45%
From the dead (vértigo) Spain Vertigo
45%
The eighth passenger is dead Hungary Alien
27%
The seed of the devil Spain Rosemary’s baby
27%
Teachers are not human China The Faculty
27%
Rita Hayworth is the key to escape Finland The Shawshank Redemption
27%
If you leave me, i will cancel you Italy Ethernal Sunshine of a Spotless Mind
18%
Last Call: when you hang up, you will have to die Germany Cellular
9%
The man who came from the future Portugal Planet of Apes
9%
He stole, he fled and they caught him Argentina Take the Money and run
9%
An unexpected end Mexico Thelma & Louise
9%
No matching quizzes found
Score Distribution
Percent of People with Each Score
Percentile by Number Answered
Your Score History
You have not taken this quiz